000 00468pab a2200169 454500
008 180718b2013 xxu||||| |||| 00| 0 eng d
100 _aOmoregie, Edoba B.
245 _aThe subsidiarity principles and federalism fissures in Nigeria
260 _c2013
300 _ap.228-243.
362 _aJul-Dec
650 _aFederalism - Nigeria
650 _aFederalism
773 _aJournal of Constitutional and Parliamentary Studies
908 _aN
909 _a105840
999 _c105835
_d105835